000 00970nas a2200325 4500
001 BR2014007757
003 BR-BrBNA
005 20231205124809.0
007 ta
008 230509b bl.|||p| |||| 00| 00por d
040 _aBR-BrBNA
_bpor
_cBiblioteca Nacional de Agricultura
041 _a(Pt)
072 _aF30
100 1 _aAndrade, M.C.
100 1 _aSilva, A.A. da
100 1 _aConrado, T.V.
100 1 _aMaluf, W.R.
100 1 _aAndrade, T.M.
100 1 _aOliveira, C.M. de
245 1 _aCapacidade combinatória de linhagens de tomateiro em híbridos do tipo italiano
650 _aTOMATE
650 _aLINHAGEM
650 _aHÍBRIDO
650 _aCRUZAMENTO
650 _aGENÉTICA VEGETAL
773 0 _tBragantia (Brazil)
_xISSN 1678-4499
_g(Jul-Sep 2014), v. 73(3) p. 237-245
_wBR2014007757
856 4 0 _uhttp://www.scielo.br/pdf/brag/v73n3/pt_aop_brag_0039.pdf
909 _a202311
_bLúcia
_c55
_dLúcia Elande
942 _2AGRIS
_n0
_cANA
999 _c240946
_d240946